000 00525nam a2200193Ia 4500
005 20250326142322.0
008 250326s9999 xx 000 0 und d
020 _a0-07-462012-6
037 _aTextbook
040 _aFMSL
_beng
_cFMSL
041 _aeng
_2eng
084 _aX:8D.1 N5
_qFMSL
100 _aApte P G
245 0 _aInternational ficial management
_cApte P G
260 _aNew Delhi
_bNew Delhi, Tata-McGraw Hill
_c1995
300 _a671p
942 _cTB
_hX:8D.1 N5
999 _c1294456
_d1294456